Загрузка...

The Philosophy of social science: an introduction

Библиографические подробности
Главный автор: Hollis, Martin
Формат: Printed Book
Язык:English
Опубликовано: Cambridge, Cambridge university press 1994
Предметы:
LEADER 005340000a22001810004500
015 |a M 
020 |a 0-521-44780-1 
041 |a eng 
082 |a 300.1 N4 
100 |a Hollis, Martin 
245 |a The Philosophy of social science: an introduction 
260 |a Cambridge, Cambridge university press 
260 |c 1994 
650 |a Philosophy 
650 |a Social science 
942 |c BK 
999 |c 138048  |d 138044 
952 |0 0  |1 0  |4 0  |6 300_100000000000000_N4  |7 0  |9 136830  |a SIRP  |b SIRP  |d 2017-10-05  |l 0  |o 300.1 N4  |p SIRP02474  |r 2017-10-05  |w 2017-10-05  |y BK